000 01001nam a2200277 i 4500
001 190576
003 ES-MaACL
005 20240122153227.0
008 220104s2016 sp ae 001 0dspa
020 _a978-84-944936-0-7
080 _a728.1
245 0 3 _aLa casa :
_bpiezas, ensambles y estrategias /
_c[directores, María Carreiro, Cándido López].
260 _aMálaga :
_bRecolectores Urbanos,
_c2016.
300 _a235 p. :
_bil. col. y n., planos ;
_c24 cm.
490 1 _aConferences CSS ;
_v7
504 _aReferencias bibliográficas.
594 _aEn verso de port.: Grupo de Investigación GAUS, ETSA A Coruña
650 _aViviendas.
_917841
650 4 _aArquitectura-
_yS.XX.
_910007
700 1 _aCarreiro, María.
_9171158
700 1 _aLópez González, Cándido.
_9173912
830 1 _aConferences CSS ;
_v7
_9193501
852 4 _aES-MaACL
_jA-14837
_9 197754
_bR.152330
_cDEPO1
_dOlim: N-7837
_hDonativo: Editorial
942 _2udc
999 _c190576
_d190576